|
|
|
|
| LEADER |
00643nam a22001811a 4500 |
| 020 |
|
|
|a 9788188496594
|
| 082 |
|
|
|a H 808.1
|b MAD/P
|
| 100 |
|
|
|a Madhu M Vasava
|9 55558
|
| 100 |
|
|
|a Ashok K Shah Pratik
|9 55559
|
| 245 |
|
|
|a Paschatya kavyasastra ke sidhant/
|c by Ashok K Shah Pratik
|
| 260 |
|
|
|a Madhura:
|b Amar Prakashan,
|c 2016.
|
| 300 |
|
|
|a 184p.
|
| 650 |
|
|
|a Poetics Hindi
|9 55560
|
| 650 |
|
|
|a Literature Hindi
|9 55561
|
| 650 |
|
|
|a Literature
|9 55562
|
| 942 |
|
|
|c BK
|
| 999 |
|
|
|c 138060
|d 138060
|
| 952 |
|
|
|0 0
|1 0
|4 0
|6 H_808_100000000000000_MAD_P
|7 0
|9 95351
|a SSUS
|b SSUS
|c STACKS
|d 2018-07-06
|g 400.00
|l 7
|o H 808.1 MAD/P
|p 089641
|r 2020-06-15
|s 2020-02-20
|w 2018-07-06
|y BK
|